000 00354nam a2200121Ia 4500
008 240731s9999 xx 000 0 und d
022 _a1744-0521
245 0 _aImmigrants & Minorities : Historical Studies in Ethnicity, Migration and Diaspora
260 _bRoutledge
856 _uhttps://www.tandfonline.com/loi/fimm20
942 _2ddc
942 _cTFEJ
999 _c76924
_d76924
945 _a1
_bMadushi Gamage
_c1
_dMadushi Gamage